000 00497nmm a2200181Ia 4500
008 251105s9999||||xx |||||||||||||||||und||
020 _a9788494785153
041 _aspa
100 _aRicardinho
245 0 _aRicardinho
264 _a[Madrid, España] :
_bCórner,
_c[Fecha de publicación no identificada]
300 _a0 páginas
650 _aBiography
700 _aRicardinho
700 1 _a Berdullas, Juanjo
856 _uhttps://public.digitaliapublishing.com/a/82451
942 _cCF
999 _c70507
_d70507